000
00316nam a2200121Ia 4500
008
220204s9999 xx 000 0 und d
082
_a
629.113
_b
MUD
100
_a
Mudd, S C
245
0
_a
Technology for motor mechanics. Pt 2 & 3
260
_a
London
_b
Edward Arnold
_c
1972
650
_a
Motor technology
942
_c
BK
999
_c
30778
_d
30778